[Event "YUG-ch sf"]
[Site "Niska Banja"]
[Date "1996.??.??"]
[Round "2"]
[White "Kajganovic, Miodrag"]
[Black "Perunovic, Miodrag"]
[Result "1/2-1/2"]
[WhiteElo "2305"]
[BlackElo "2165"]
[PlyCount "95"]
[EventDate "1996.??.??"]
[EventType "swiss"]
[EventRounds "11"]
[EventCountry "YUG"]
[SourceTitle "EXT 2002"]
[Source "ChessBase"]
[SourceDate "2001.11.25"]
[SourceVersion "1"]
[SourceVersionDate "2001.11.25"]
[SourceQuality "1"]

1. e4 c5 2. d4 cxd4 3. c3 dxc3 4. Nxc3 Nc6 5. Bc4 e6 6. Nf3 Nge7 7. Bg5 f6 8. Be3 Ng6 9. h4 Bb4 10. h5 Nge5 11. Nxe5 Nxe5 12. Bb3 Qa5 13. Qc2 Bc5 14. Qe2 Bxe3 15. Qxe3 b6 16. f4 Nc6 17. Qg3 Rg8 18. 0-0-0 Ba6 19. f5 Qe5 20. Qxe5 Nxe5 21. fxe6 Rh8 22. exd7+ Nxd7 23. h6 g6 24. Rd6 0-0-0 25. Rhd1 Kc7 26. Be6 Ne5 27. Rxd8 Rxd8 28. Rxd8 Kxd8 29. Bg8 Ng4 30. Bxh7 g5 31. Nd5 Bc4 32. Bf5 Nxh6 33. Nxf6 Bxa2 34. Nh7 Nf7 35. g3 Ke7 36. Bg6 Ne5 37. Bf5 g4 38. Kd2 Bg8 39. Kc3 Bxh7 40. Bxh7 Kd6 41. Bf5 a5 42. Kd4 b5 43. Bc8 a4 44. Bb7 b4 45. Bd5 a3 46. bxa3 bxa3 47. Kc3 Nf3 48. Bf7 1/2-1/2